A-Z: words ending in L - Statistics

General Stats
  • This quiz has been taken 57 times
  • The average score is 13 of 26
Answer Stats
Initial letter Clue Word ending in L % Correct
H Small mountain Hill
98%
Y Shout loudly Yell
94%
O Substance composed of dead organisms which is burned to make car engines go Oil
88%
S Furry, tame rodent found in parks and woods Squirrel
86%
V A piece of fine material worn by women to conceal the face Veil
82%
B To demand money from someone in return for not revealing damaging information about them Blackmail
80%
N Small Arctic whale with a long tusk Narwhal
80%
D Tool used for boring a hole Drill
78%
E Frame for holding an artist's canvas Easel
78%
Z Great enthusiasm Zeal
70%
W Word which can be a verb, noun, adjective, interjection, or an adverb meaning "in a good way" Well
62%
P Rye bread whose German name means "farting goblin" Pumpernickel
56%
J Jolly Jovial
54%
C To wind a long object such as a rope into a series of concentric circles Coil
50%
Q Puzzled by a Jetpunk question Quizzical
46%
K The central part of a nut, or by extension, of an issue Kernel
44%
M Figurative; not literal Metaphorical
42%
U Illusory; incredible Unreal
34%
A Terrible, awful Abysmal
28%
L Horizontal support over a window or door Lintel
28%
G Building used as a meeting place for medieval associations of craftsmen or merchants Guildhall
26%
F Ridiculous; very badly organised Farcical
14%
T The active chemical in marijuana, abbreviated as THC Tetrahydrocannabinol
8%
R Radioactive drug bound to biological molecules Radiopharmaceutical
4%
X Pertaining to engravings on wood Xylographical
4%
I Involving, or existing between, multiple areas Interzonal
2%
No matching quizzes found
Score Distribution
Percent of People with Each Score
Percentile by Number Answered
Your Score History
You have not taken this quiz